000 00685cam a22002413a 4500
001 20648
003 PGUSA
005 20140828083435.0
008 070222s2007||||xxu|||||s|||||000 e eng d
040 _aPGUSA
_beng
042 _adc
050 4 _aPR
100 1 _aSteele, Richard,
_cSir,
_d1672-1729
245 1 4 _aThe De Coverley Papers, From 'The Spectator'
_h[electronic resource] /
_cRichard, Steele
260 _bProject Gutenberg,
_c2007
506 _aPublic domain in the USA.
516 _aElectronic text
653 _aEnglish essays
700 1 _aMeek, Joseph H.
830 0 _aProject Gutenberg
_v20648
856 4 0 _uhttp://www.gutenberg.org/ebooks/20648
942 _cEB
999 _c249903
_d249903